Hệ thống thanh toán đa năng dành cho sinh viên trường Đại học Cần Thơ : Báo cáo tổng kết đề tài nghiên cứu khoa học của sinh viên
Xây dựng hệ thống tài khoản thanh toán trên thẻ sinh viên để sinh viên chi trả và nạp tiền cho các dịch vụ một cách dễ dàng và tiết kiệm thời gian.
محفوظ في:
| المؤلف الرئيسي: | |
|---|---|
| التنسيق: | كتاب |
| اللغة: | Undetermined |
| منشور في: |
Cần Thơ
Trường Đại học Cần Thơ
2018
|
| الموضوعات: | |
| الوسوم: |
إضافة وسم
لا توجد وسوم, كن أول من يضع وسما على هذه التسجيلة!
|
| Thư viện lưu trữ: | Trung tâm Học liệu Trường Đại học Cần Thơ |
|---|
| LEADER | 01102nam a2200217Ia 4500 | ||
|---|---|---|---|
| 001 | CTU_229103 | ||
| 008 | 210402s9999 xx 000 0 und d | ||
| 082 | |a 621.38216 | ||
| 082 | |b Kh103 | ||
| 088 | |a TSV2018-26 | ||
| 100 | |a Phạm, Quốc Khải | ||
| 245 | 0 | |a Hệ thống thanh toán đa năng dành cho sinh viên trường Đại học Cần Thơ : | |
| 245 | 0 | |b Báo cáo tổng kết đề tài nghiên cứu khoa học của sinh viên | |
| 245 | 0 | |c Phạm Quốc Khải (Chủ nhiệm đề tài) ; Thái Minh Tuấn (Người hướng dẫn) | |
| 260 | |a Cần Thơ | ||
| 260 | |b Trường Đại học Cần Thơ | ||
| 260 | |c 2018 | ||
| 520 | |a Xây dựng hệ thống tài khoản thanh toán trên thẻ sinh viên để sinh viên chi trả và nạp tiền cho các dịch vụ một cách dễ dàng và tiết kiệm thời gian. | ||
| 650 | |a Communication in engineering,Kỹ thuật truyền thông | ||
| 910 | |b nthai | ||
| 980 | |a Trung tâm Học liệu Trường Đại học Cần Thơ | ||